Grammy Award for Best Rap Performance - Statistics

General Stats
  • This quiz has been taken 63 times
  • The average score is 51 of 98
Answer Stats
Year Song(s) Answer % Correct
2000 My Name Is Eminem
96%
2001 The Real Slim Shady Eminem
96%
Eminem
96%
Lose Yourself Eminem
96%
Crack a Bottle Eminem
96%
2011 Not Afraid Eminem
96%
2015 i Kendrick Lamar
96%
2016 Alright Kendrick Lamar
96%
2018 Humble Kendrick Lamar
96%
Kendrick Lamar
96%
Kendrick Lamar
96%
2023 The Heart Part 5 Kendrick Lamar
96%
2006 Gold Digger Kanye West
95%
2008 Stronger Kanye West
95%
Kanye West
95%
Kanye West
95%
Kanye West
95%
Kanye West
95%
2005 99 Problems Jay-Z
93%
Swagga Like Us Jay-Z
93%
2010 D.O.A. (Death of Auto-Tune) Jay-Z
93%
2012 Otis Jay-Z
93%
2013 N****s in Paris Jay-Z
93%
Ms. Jackson Outkast
89%
The Whole World Outkast
89%
1994 Let Me Ride Dr. Dre
80%
Forgot About Dre Dr. Dre
80%
Dr. Dre
80%
2014 Thrift Shop Macklemore
76%
2009 A Milli Lil Wayne
75%
Lil Wayne
75%
Lil Wayne
75%
Fresh Prince
64%
Fresh Prince
64%
Future
64%
Future
64%
1991 U Can't Touch This MC Hammer
64%
2021 Savage Megan Thee Stallion
64%
1998 Men in Black Will Smith
64%
1999 Gettin' Jiggy wit It Will Smith
64%
1996 Gangsta's Paradise Coolio
60%
2022 Family Ties Baby Keem
58%
Ryan Lewis
58%
Hot in Herre Nelly
53%
Shake Ya Tailfeather Nelly
53%
Beyonce
51%
Andre 3000
49%
Killer Mike
49%
2024 Scientists & Engineers Killer Mike
49%
50 Cent
47%
P. Diddy
45%
I'll Be Missing You Puff Daddy
45%
2002 Get Ur Freak On Missy Elliott
44%
2003 Scream a.k.a. Itchin Missy Elliott
44%
2004 Work It Missy Elliott
44%
King's Dead Jay Rock
42%
1992 Mama Said Knock You Out LL Cool J
42%
1997 Hey Lover LL Cool J
42%
Let's Get It Started The Black Eyed Peas
38%
Don't Phunk with My Heart The Black Eyed Peas
38%
Intergalactic Beastie Boys
33%
1993 Baby Got Back Sir Mix-a-Lot
31%
2007 What You Know T.I.
31%
T.I
31%
2017 No Problem Chance the Rapper
29%
Ridin Chamillionaire
27%
1989 Parents Just Don't Understand DJ Jazzy Jeff
27%
Summertime DJ Jazzy Jeff
27%
Faith Evans
27%
Tha Crossroads Bone Thugs-n-Harmony
25%
Mary J. Blige
24%
2020 Racks in the Middle Nipsey Hussle
24%
Wanz
24%
2 Chainz
22%
James Blake
22%
Roddy Ricch
22%
2019 Bubblin Anderson .Paak
20%
1990 Bust a Move Young MC
20%
I'll Be There for You/You're All I Need to Get By Method Man
18%
112
16%
Eryn Allen Kane
16%
None of Your Business Salt-n-Pepa
15%
Rebirth of Slick (Cool Like Dat) Digable Planets
13%
Back on the Block Quincy Jones
13%
Quincy Jones III
13%
Big Daddy Kane
11%
Erykah Badu
11%
Hit-Boy
11%
Kool Moe Dee
11%
Murphy Lee
11%
On to the Next One Swizz Beatz
11%
You Got Me The Roots
11%
Southside Common
9%
Ice-T
9%
Krayzie Bone
9%
1995 Queen Latifah U.N.I.T.Y.
7%
Melle Mel
4%
Arrested Development Tennessee
4%
No matching quizzes found
Score Distribution
Percent of People with Each Score
Percentile by Number Answered
Your Score History
You have not taken this quiz